[Event "DVM U14 2023"]
[Site "Magdeburg GER"]
[Date "2023.12.28"]
[Round "4"]
[White "Borgert, Alexander"]
[Black "Alugili, Yosef"]
[Result "1/2-1/2"]
[Termination "normal"]
[Board "7.4"]
[WhiteElo "1509"]
[BlackElo "1475"]
[WhiteClock "01:03:55"]
[BlackClock "01:19:44"]
[WhiteTeam "Hamburger SK 1830"]
[BlackTeam "Düsseldorfer SK 14/25"]
[PlyCount "87"]
[WhiteFideId "16289188"]
[BlackFideId "34635963"]
[EventCountry "GER"]
[EventRounds "7"]
[EventType "team-swiss"]
[EventDate "2023.12.26"]

1. d4 {[%clk 01:30:53]} {[%emt 00:00:07]} Nf6 {[%clk 01:30:57]} {[%emt
00:00:03]} 2. c4 {[%clk 01:31:19]} {[%emt 00:00:04]} c5 {[%clk 01:31:25]}
{[%emt 00:00:03]} 3. d5 {[%clk 01:31:44]} {[%emt 00:00:04]} b5 {[%clk
01:31:52]} {[%emt 00:00:03]} 4. cxb5 {[%clk 01:32:06]} {[%emt 00:00:08]} a6
{[%clk 01:32:19]} {[%emt 00:00:03]} 5. bxa6 {[%clk 01:31:58]} {[%emt 00:00:38]}
Bxa6 {[%clk 01:32:48]} {[%emt 00:00:02]} 6. Nc3 {[%clk 01:32:20]} {[%emt
00:00:08]} g6 {[%clk 01:33:14]} {[%emt 00:00:03]} 7. Bg5 {[%clk 01:32:36]}
{[%emt 00:00:13]} Bg7 {[%clk 01:33:30]} {[%emt 00:00:15]} 8. Nf3 {[%clk
01:32:43]} {[%emt 00:00:22]} d6 {[%clk 01:33:53]} {[%emt 00:00:08]} 9. e3
{[%clk 01:32:35]} {[%emt 00:00:38]} Bxf1 {[%clk 01:34:12]} {[%emt 00:00:11]}
10. Kxf1 {[%clk 01:33:00]} {[%emt 00:00:04]} Nbd7 {[%clk 01:34:38]} {[%emt
00:00:05]} 11. Qc2 {[%clk 01:32:35]} {[%emt 00:00:55]} O-O {[%clk 01:34:57]}
{[%emt 00:00:11]} 12. g3 {[%clk 01:32:22]} {[%emt 00:00:43]} h6 {[%clk
01:35:07]} {[%emt 00:00:20]} 13. Bxf6 {[%clk 01:32:35]} {[%emt 00:00:16]} Nxf6
{[%clk 01:35:27]} {[%emt 00:00:12]} 14. h4 {[%clk 01:32:31]} {[%emt 00:00:33]}
h5 {[%clk 01:35:17]} {[%emt 00:00:40]} 15. Nd2 {[%clk 01:32:23]} {[%emt
00:00:35]} Ng4 {[%clk 01:35:33]} {[%emt 00:00:16]} 16. Kg2 {[%clk 01:30:56]}
{[%emt 00:01:55]} Qb6 {[%clk 01:33:33]} {[%emt 00:02:33]} 17. Qb3 {[%clk
01:29:45]} {[%emt 00:01:42]} Qxb3 {[%clk 01:33:23]} {[%emt 00:00:40]} 18. Nxb3
{[%clk 01:30:01]} {[%emt 00:00:13]} Rfb8 {[%clk 01:33:21]} {[%emt 00:00:31]}
19. Rhb1 {[%clk 01:06:33]} {[%emt 00:23:58]} Rb7 {[%clk 01:27:07]} {[%emt
00:06:44]} 20. Nc1 {[%clk 01:05:01]} {[%emt 00:01:58]} Rab8 {[%clk 01:27:06]}
{[%emt 00:00:36]} 21. N1e2 {[%clk 01:04:52]} {[%emt 00:00:37]} Rxb2 {[%clk
01:27:16]} {[%emt 00:00:21]} 22. Rxb2 {[%clk 01:02:56]} {[%emt 00:02:27]} Rxb2
{[%clk 01:27:39]} {[%emt 00:00:07]} 23. Rb1 {[%clk 01:00:20]} {[%emt 00:03:05]}
Nxe3+ {[%clk 01:26:15]} {[%emt 00:01:55]} 24. fxe3 {[%clk 01:00:22]} {[%emt
00:00:28]} Bxc3 {[%clk 01:26:35]} {[%emt 00:00:10]} 25. Rxb2 {[%clk 01:00:37]}
{[%emt 00:00:14]} Bxb2 {[%clk 01:27:01]} {[%emt 00:00:05]} 26. a4 {[%clk
01:01:02]} {[%emt 00:00:05]} c4 {[%clk 01:25:20]} {[%emt 00:02:12]} 27. a5
{[%clk 00:59:56]} {[%emt 00:01:35]} Ba3 {[%clk 01:23:11]} {[%emt 00:02:39]} 28.
a6 {[%clk 01:00:17]} {[%emt 00:00:09]} Bc5 {[%clk 01:23:37]} {[%emt 00:00:03]}
29. Kf2 {[%clk 01:00:37]} {[%emt 00:00:10]} Kf8 {[%clk 01:23:56]} {[%emt
00:00:12]} 30. Nc3 {[%clk 01:00:38]} {[%emt 00:00:30]} Ke8 {[%clk 01:21:24]}
{[%emt 00:03:01]} 31. Nb5 {[%clk 01:01:01]} {[%emt 00:00:06]} c3 {[%clk
01:21:34]} {[%emt 00:00:22]} 32. Ke2 {[%clk 01:01:03]} {[%emt 00:00:24]} c2
{[%clk 01:16:51]} {[%emt 00:05:16]} 33. Kd2 {[%clk 01:01:26]} {[%emt 00:00:06]}
Bxe3+ {[%clk 01:17:11]} {[%emt 00:00:11]} 34. Kxc2 {[%clk 01:01:48]} {[%emt
00:00:08]} Kd7 {[%clk 01:17:23]} {[%emt 00:00:18]} 35. a7 {[%clk 01:02:06]}
{[%emt 00:00:12]} Bxa7 {[%clk 01:17:50]} {[%emt 00:00:04]} 36. Nxa7 {[%clk
01:02:31]} {[%emt 00:00:05]} e6 {[%clk 01:18:09]} {[%emt 00:00:11]} 37. dxe6+
{[%clk 01:02:35]} {[%emt 00:00:25]} Kxe6 {[%clk 01:18:24]} {[%emt 00:00:15]}
38. Kd3 {[%clk 01:02:59]} {[%emt 00:00:04]} Kf5 {[%clk 01:18:27]} {[%emt
00:00:29]} 39. Ke3 {[%clk 01:02:47]} {[%emt 00:00:41]} Kg4 {[%clk 01:18:40]}
{[%emt 00:00:17]} 40. Kf2 {[%clk 01:02:54]} {[%emt 00:00:24]} g5 {[%clk
01:18:23]} {[%emt 00:00:47]} 41. hxg5 {[%clk 01:03:06]} {[%emt 00:00:17]} Kxg5
{[%clk 01:18:52]} {[%emt 00:00:02]} 42. Kf3 {[%clk 01:03:13]} {[%emt 00:00:22]}
h4 {[%clk 01:19:15]} {[%emt 00:00:07]} 43. gxh4+ {[%clk 01:03:31]} {[%emt
00:00:12]} Kxh4 {[%clk 01:19:44]} {[%emt 00:00:01]} 44. Kf4 {[%clk 01:03:55]}
{[%emt 00:00:06]} 1/2-1/2

[Event "DVM U14 2023"]
[Site "Magdeburg GER"]
[Date "2023.12.28"]
[Round "4"]
[White "Meng, Yuxuan"]
[Black "Blodig, Vincent"]
[Result "0-1"]
[Termination "normal"]
[Board "8.1"]
[WhiteElo "1749"]
[BlackElo "1921"]
[WhiteClock "00:27:45"]
[BlackClock "01:26:07"]
[WhiteTeam "SC Viernheim 1934"]
[BlackTeam "SF Augsburg"]
[PlyCount "102"]
[WhiteFideId "16258231"]
[BlackFideId "16297857"]
[EventCountry "GER"]
[EventRounds "7"]
[EventType "team-swiss"]
[EventDate "2023.12.26"]

1. e4 {[%clk 01:30:57]} {[%emt 00:00:02]} e5 {[%clk 01:30:55]} {[%emt
00:00:04]} 2. Nf3 {[%clk 01:31:24]} {[%emt 00:00:04]} Nc6 {[%clk 01:31:20]}
{[%emt 00:00:05]} 3. Bb5 {[%clk 01:31:47]} {[%emt 00:00:07]} Bc5 {[%clk
01:31:45]} {[%emt 00:00:05]} 4. O-O {[%clk 01:27:50]} {[%emt 00:04:27]} Nge7
{[%clk 01:31:16]} {[%emt 00:00:59]} 5. c3 {[%clk 01:24:57]} {[%emt 00:03:22]}
Bb6 {[%clk 01:31:34]} {[%emt 00:00:13]} 6. d4 {[%clk 01:23:17]} {[%emt
00:02:10]} exd4 {[%clk 01:31:59]} {[%emt 00:00:05]} 7. cxd4 {[%clk 01:23:42]}
{[%emt 00:00:06]} d5 {[%clk 01:32:23]} {[%emt 00:00:05]} 8. exd5 {[%clk
01:11:33]} {[%emt 00:12:39]} Nxd5 {[%clk 01:32:44]} {[%emt 00:00:10]} 9. Re1+
{[%clk 01:11:33]} {[%emt 00:00:29]} Be6 {[%clk 01:33:08]} {[%emt 00:00:05]} 10.
Ng5 {[%clk 01:10:23]} {[%emt 00:01:34]} O-O {[%clk 01:33:12]} {[%emt 00:00:32]}
11. Nxe6 {[%clk 01:05:34]} {[%emt 00:05:19]} fxe6 {[%clk 01:33:35]} {[%emt
00:00:08]} 12. Bxc6 {[%clk 01:05:43]} {[%emt 00:00:20]} bxc6 {[%clk 01:34:00]}
{[%emt 00:00:05]} 13. Qg4 {[%clk 01:05:29]} {[%emt 00:00:37]} Qf6 {[%clk
01:32:20]} {[%emt 00:02:16]} 14. Qxe6+ {[%clk 00:59:08]} {[%emt 00:06:51]} Qxe6
{[%clk 01:32:44]} {[%emt 00:00:10]} 15. Rxe6 {[%clk 00:59:32]} {[%emt
00:00:02]} Bxd4 {[%clk 01:32:45]} {[%emt 00:00:29]} 16. Re2 {[%clk 00:55:32]}
{[%emt 00:04:30]} Rxf2 {[%clk 01:28:27]} {[%emt 00:04:49]} 17. Rxf2 {[%clk
00:53:38]} {[%emt 00:02:23]} Rf8 {[%clk 01:28:51]} {[%emt 00:00:06]} 18. h3
{[%clk 00:41:41]} {[%emt 00:12:28]} Rxf2 {[%clk 01:28:24]} {[%emt 00:00:58]}
19. Kh2 {[%clk 00:41:35]} {[%emt 00:00:35]} Rxb2 {[%clk 01:27:40]} {[%emt
00:01:13]} 20. Na3 {[%clk 00:40:18]} {[%emt 00:01:47]} Rxg2+ {[%clk 01:26:45]}
{[%emt 00:01:26]} 21. Kxg2 {[%clk 00:40:25]} {[%emt 00:00:22]} Bxa1 {[%clk
01:27:10]} {[%emt 00:00:06]} 22. Nc4 {[%clk 00:39:29]} {[%emt 00:01:26]} Kf7
{[%clk 01:27:11]} {[%emt 00:00:29]} 23. Kf3 {[%clk 00:39:29]} {[%emt 00:00:30]}
Ke6 {[%clk 01:27:26]} {[%emt 00:00:14]} 24. a3 {[%clk 00:38:55]} {[%emt
00:01:05]} g6 {[%clk 01:27:20]} {[%emt 00:00:36]} 25. Bd2 {[%clk 00:37:03]}
{[%emt 00:02:21]} Be5 {[%clk 01:27:31]} {[%emt 00:00:19]} 26. Kg4 {[%clk
00:35:28]} {[%emt 00:02:05]} Bd6 {[%clk 01:24:56]} {[%emt 00:03:05]} 27. a4
{[%clk 00:32:43]} {[%emt 00:03:15]} Nb6 {[%clk 01:24:54]} {[%emt 00:00:33]} 28.
Na5 {[%clk 00:31:45]} {[%emt 00:01:28]} c5 {[%clk 01:22:28]} {[%emt 00:02:56]}
29. Nc6 {[%clk 00:30:33]} {[%emt 00:01:41]} Nxa4 {[%clk 01:21:48]} {[%emt
00:01:11]} 30. Nxa7 {[%clk 00:30:29]} {[%emt 00:00:33]} c4 {[%clk 01:22:06]}
{[%emt 00:00:11]} 31. Nb5 {[%clk 00:29:15]} {[%emt 00:01:45]} Be5 {[%clk
01:21:45]} {[%emt 00:00:52]} 32. Kf3 {[%clk 00:29:13]} {[%emt 00:00:32]} c3
{[%clk 01:21:49]} {[%emt 00:00:25]} 33. Be3 {[%clk 00:27:04]} {[%emt 00:02:39]}
Kd5 {[%clk 01:21:51]} {[%emt 00:00:28]} 34. Na3 {[%clk 00:27:07]} {[%emt
00:00:27]} Nc5 {[%clk 01:21:34]} {[%emt 00:00:47]} 35. Ke2 {[%clk 00:26:44]}
{[%emt 00:00:54]} Na6 {[%clk 01:20:54]} {[%emt 00:01:10]} 36. Nc2 {[%clk
00:26:27]} {[%emt 00:00:47]} Kc4 {[%clk 01:20:59]} {[%emt 00:00:24]} 37. Kd1
{[%clk 00:26:08]} {[%emt 00:00:50]} Nb4 {[%clk 01:21:12]} {[%emt 00:00:16]} 38.
Nxb4 {[%clk 00:26:13]} {[%emt 00:00:26]} Kxb4 {[%clk 01:21:32]} {[%emt
00:00:09]} 39. Kc2 {[%clk 00:26:36]} {[%emt 00:00:07]} Kc4 {[%clk 01:21:54]}
{[%emt 00:00:09]} 40. Bf2 {[%clk 00:26:40]} {[%emt 00:00:25]} Kd5 {[%clk
01:22:11]} {[%emt 00:00:14]} 41. Kd3 {[%clk 00:26:49]} {[%emt 00:00:21]} c5
{[%clk 01:22:35]} {[%emt 00:00:06]} 42. Be3 {[%clk 00:25:53]} {[%emt 00:01:27]}
c4+ {[%clk 01:22:54]} {[%emt 00:00:11]} 43. Kc2 {[%clk 00:26:14]} {[%emt
00:00:09]} Ke4 {[%clk 01:23:19]} {[%emt 00:00:04]} 44. Bc5 {[%clk 00:26:29]}
{[%emt 00:00:16]} Kf3 {[%clk 01:23:40]} {[%emt 00:00:09]} 45. Be7 {[%clk
00:26:51]} {[%emt 00:00:08]} Kg3 {[%clk 01:23:53]} {[%emt 00:00:17]} 46. h4
{[%clk 00:27:12]} {[%emt 00:00:09]} Kg4 {[%clk 01:24:18]} {[%emt 00:00:05]} 47.
Bg5 {[%clk 00:27:22]} {[%emt 00:00:19]} h6 {[%clk 01:24:33]} {[%emt 00:00:15]}
48. Bxh6 {[%clk 00:27:34]} {[%emt 00:00:19]} Kxh4 {[%clk 01:24:55]} {[%emt
00:00:08]} 49. Be3 {[%clk 00:27:40]} {[%emt 00:00:23]} g5 {[%clk 01:25:20]}
{[%emt 00:00:06]} 50. Bf2+ {[%clk 00:27:44]} {[%emt 00:00:29]} Kh3 {[%clk
01:25:43]} {[%emt 00:00:04]} 51. Be3 {[%clk 00:27:45]} {[%emt 00:00:28]} g4
{[%clk 01:26:07]} {[%emt 00:00:06]} 0-1

[Event "DVM U14 2023"]
[Site "Magdeburg GER"]
[Date "2023.12.28"]
[Round "4"]
[White "Schrimpf, Michael"]
[Black "Kalinski, Jan"]
[Result "0-1"]
[Termination "normal"]
[Board "8.2"]
[WhiteElo "1513"]
[BlackElo "1507"]
[WhiteClock "00:02:44"]
[BlackClock "00:32:42"]
[WhiteTeam "SF Augsburg"]
[BlackTeam "SC Viernheim 1934"]
[PlyCount "140"]
[WhiteFideId "1676237"]
[BlackFideId "34660615"]
[EventCountry "GER"]
[EventRounds "7"]
[EventType "team-swiss"]
[EventDate "2023.12.26"]

1. e4 {[%clk 01:30:58]} c5 {[%clk 01:30:57]} {[%emt 00:00:04]} 2. d4 {[%clk
01:31:10]} {[%emt 00:00:17]} cxd4 {[%clk 01:31:05]} {[%emt 00:00:21]} 3. c3
{[%clk 01:31:31]} {[%emt 00:00:09]} Nf6 {[%clk 01:31:32]} {[%emt 00:00:03]} 4.
e5 {[%clk 01:31:55]} {[%emt 00:00:06]} Nd5 {[%clk 01:31:35]} {[%emt 00:00:28]}
5. Nf3 {[%clk 01:31:39]} {[%emt 00:00:46]} Nc6 {[%clk 01:31:45]} {[%emt
00:00:20]} 6. Bc4 {[%clk 01:30:16]} {[%emt 00:01:52]} Nb6 {[%clk 01:32:00]}
{[%emt 00:00:15]} 7. Bb3 {[%clk 01:30:44]} {[%emt 00:00:02]} d6 {[%clk
01:32:03]} {[%emt 00:00:27]} 8. cxd4 {[%clk 01:30:08]} {[%emt 00:01:06]} Bf5
{[%clk 01:31:49]} {[%emt 00:00:44]} 9. O-O {[%clk 01:29:01]} {[%emt 00:01:37]}
g6 {[%clk 01:30:15]} {[%emt 00:02:10]} 10. Bf4 {[%clk 01:28:09]} {[%emt
00:01:15]} dxe5 {[%clk 01:28:53]} {[%emt 00:01:52]} 11. dxe5 {[%clk 01:27:39]}
{[%emt 00:01:00]} Bg7 {[%clk 01:27:49]} {[%emt 00:01:35]} 12. Nc3 {[%clk
01:27:17]} {[%emt 00:00:51]} O-O {[%clk 01:27:49]} {[%emt 00:00:30]} 13. h3
{[%clk 01:20:36]} {[%emt 00:07:10]} Rc8 {[%clk 01:22:33]} {[%emt 00:05:49]} 14.
Rc1 {[%clk 01:19:18]} {[%emt 00:01:45]} a6 {[%clk 01:22:25]} {[%emt 00:00:38]}
15. Bc2 {[%clk 01:10:55]} {[%emt 00:08:52]} Bxc2 {[%clk 01:20:04]} {[%emt
00:02:52]} 16. Rxc2 {[%clk 01:10:50]} {[%emt 00:00:35]} Nd7 {[%clk 01:17:51]}
{[%emt 00:02:43]} 17. Qe2 {[%clk 01:08:40]} {[%emt 00:02:38]} e6 {[%clk
01:15:24]} {[%emt 00:02:58]} 18. Rd1 {[%clk 01:07:44]} {[%emt 00:01:25]} Qc7
{[%clk 01:15:24]} {[%emt 00:00:31]} 19. Re1 {[%clk 00:51:33]} {[%emt 00:16:41]}
Rfd8 {[%clk 01:14:28]} {[%emt 00:01:26]} 20. Rd2 {[%clk 00:42:03]} {[%emt
00:10:00]} Nb6 {[%clk 01:13:32]} {[%emt 00:01:27]} 21. Red1 {[%clk 00:40:58]}
{[%emt 00:01:35]} Nb4 {[%clk 01:13:23]} {[%emt 00:00:39]} 22. Rxd8+ {[%clk
00:36:41]} {[%emt 00:04:47]} Rxd8 {[%clk 01:13:46]} {[%emt 00:00:06]} 23. Rxd8+
{[%clk 00:37:06]} {[%emt 00:00:06]} Qxd8 {[%clk 01:14:08]} {[%emt 00:00:07]}
24. Qd2 {[%clk 00:30:01]} {[%emt 00:07:35]} Qxd2 {[%clk 01:12:58]} {[%emt
00:01:41]} 25. Nxd2 {[%clk 00:24:43]} {[%emt 00:05:48]} Nd3 {[%clk 01:12:56]}
{[%emt 00:00:33]} 26. Be3 {[%clk 00:24:46]} {[%emt 00:00:26]} Nd7 {[%clk
01:13:13]} {[%emt 00:00:13]} 27. f4 {[%clk 00:24:34]} {[%emt 00:00:42]} Nxb2
{[%clk 01:12:34]} {[%emt 00:01:09]} 28. Nce4 {[%clk 00:21:16]} {[%emt
00:03:48]} Na4 {[%clk 01:07:20]} {[%emt 00:05:44]} 29. Kf2 {[%clk 00:18:59]}
{[%emt 00:02:47]} f6 {[%clk 01:06:21]} {[%emt 00:01:28]} 30. exf6 {[%clk
00:18:39]} {[%emt 00:00:50]} Nxf6 {[%emt 00:01:13]} 31. Ng5 {[%clk 00:18:32]}
Bh6 {[%clk 01:04:54]} {[%emt 00:01:51]} 32. Nxe6 {[%clk 00:18:31]} {[%emt
00:00:31]} Nd5 {[%clk 01:04:33]} {[%emt 00:00:51]} 33. Ne4 {[%clk 00:14:30]}
{[%emt 00:04:31]} Nac3 {[%clk 01:03:26]} {[%emt 00:01:37]} 34. Nxc3 {[%clk
00:12:37]} {[%emt 00:02:23]} Nxc3 {[%clk 01:03:49]} {[%emt 00:00:06]} 35. Nc5
{[%clk 00:12:07]} {[%emt 00:01:00]} Nxa2 {[%clk 01:03:13]} {[%emt 00:01:06]}
36. Bd2 {[%clk 00:10:49]} {[%emt 00:01:47]} Bf8 {[%clk 00:59:29]} {[%emt
00:04:15]} 37. Nxb7 {[%clk 00:10:45]} {[%emt 00:00:34]} Nb4 {[%clk 00:58:00]}
{[%emt 00:01:58]} 38. Ke3 {[%clk 00:10:13]} {[%emt 00:01:02]} Kf7 {[%clk
00:56:14]} {[%emt 00:02:16]} 39. Ke4 {[%clk 00:07:04]} {[%emt 00:03:39]} Ke6
{[%clk 00:55:28]} {[%emt 00:01:16]} 40. g4 {[%clk 00:05:24]} {[%emt 00:02:09]}
Nc6 {[%clk 00:55:19]} {[%emt 00:00:39]} 41. Bc3 {[%clk 00:24:27]} {[%emt
00:11:28]} Be7 {[%clk 01:21:01]} {[%emt 00:04:48]} 42. Na5 {[%clk 00:20:40]}
{[%emt 00:04:17]} Nxa5 {[%clk 01:20:22]} {[%emt 00:01:09]} 43. Bxa5 {[%clk
00:21:08]} {[%emt 00:00:03]} Bf6 {[%clk 01:18:53]} {[%emt 00:01:58]} 44. f5+
{[%clk 00:20:41]} {[%emt 00:00:56]} gxf5+ {[%clk 01:14:29]} {[%emt 00:04:55]}
45. gxf5+ {[%clk 00:21:08]} {[%emt 00:00:02]} Kd6 {[%clk 01:14:44]} {[%emt
00:00:15]} 46. Kf4 {[%clk 00:19:35]} {[%emt 00:02:03]} h5 {[%clk 01:15:07]}
{[%emt 00:00:08]} 47. Ke4 {[%clk 00:19:07]} {[%emt 00:00:58]} Kc6 {[%clk
01:14:16]} {[%emt 00:01:22]} 48. Be1 {[%clk 00:18:04]} {[%emt 00:01:32]} Kd6
{[%clk 01:09:15]} {[%emt 00:05:31]} 49. Bb4+ {[%clk 00:17:01]} {[%emt
00:01:32]} Kc6 {[%clk 01:08:41]} {[%emt 00:01:04]} 50. Ba3 {[%clk 00:05:00]}
{[%emt 00:12:32]} a5 {[%clk 01:07:39]} {[%emt 00:01:32]} 51. Bf8 {[%clk
00:04:42]} {[%emt 00:00:47]} a4 {[%clk 01:07:18]} {[%emt 00:00:53]} 52. Ba3
{[%clk 00:05:03]} {[%emt 00:00:08]} Bc3 {[%clk 00:54:10]} {[%emt 00:13:39]} 53.
Kf4 {[%clk 00:03:46]} {[%emt 00:01:47]} Bf6 {[%clk 00:53:40]} {[%emt 00:00:59]}
54. Bf8 {[%clk 00:02:39]} {[%emt 00:01:36]} Kd7 {[%clk 00:49:54]} {[%emt
00:04:16]} 55. Ke4 {[%clk 00:01:48]} {[%emt 00:01:21]} Kc6 {[%clk 00:50:15]}
{[%emt 00:00:10]} 56. Ba3 {[%clk 00:01:29]} {[%emt 00:00:48]} Bc3 {[%clk
00:47:36]} {[%emt 00:03:10]} 57. Kd3 {[%clk 00:01:22]} {[%emt 00:00:37]} Bf6
{[%clk 00:46:36]} {[%emt 00:01:29]} 58. Kc4 {[%clk 00:01:37]} {[%emt 00:00:16]}
Bh8 {[%clk 00:38:09]} {[%emt 00:08:57]} 59. Be7 {[%clk 00:00:51]} {[%emt
00:01:17]} Kd7 {[%clk 00:38:06]} {[%emt 00:00:33]} 60. f6 {[%clk 00:00:51]}
{[%emt 00:00:30]} Ke6 {[%clk 00:38:13]} {[%emt 00:00:23]} 61. Kb4 {[%clk
00:00:40]} {[%emt 00:00:41]} Bxf6 {[%clk 00:38:33]} {[%emt 00:00:10]} 62. Bc5
{[%clk 00:00:32]} {[%emt 00:00:38]} Be7 {[%clk 00:33:34]} {[%emt 00:05:28]} 63.
Bxe7 {[%clk 00:01:00]} {[%emt 00:00:02]} Kxe7 {[%clk 00:33:51]} {[%emt
00:00:13]} 64. Kxa4 {[%clk 00:01:27]} {[%emt 00:00:03]} Kf6 {[%clk 00:34:09]}
{[%emt 00:00:11]} 65. Kb3 {[%clk 00:01:45]} {[%emt 00:00:13]} Kg5 {[%clk
00:32:09]} {[%emt 00:02:30]} 66. Kc2 {[%clk 00:01:38]} {[%emt 00:00:38]} Kh4
{[%clk 00:32:26]} {[%emt 00:00:13]} 67. Kd2 {[%clk 00:01:54]} {[%emt 00:00:15]}
Kxh3 {[%clk 00:32:46]} {[%emt 00:00:09]} 68. Ke3 {[%clk 00:01:59]} {[%emt
00:00:25]} Kg2 {[%clk 00:31:58]} {[%emt 00:01:17]} 69. Kf4 {[%clk 00:02:20]}
{[%emt 00:00:09]} h4 {[%clk 00:32:18]} {[%emt 00:00:11]} 70. Kg4 {[%clk
00:02:44]} {[%emt 00:00:07]} h3 {[%clk 00:32:42]} {[%emt 00:00:05]} 0-1